[Event "3rd Open"]
[Site "Kolkata IND"]
[Date "2008.03.29"]
[Round "6"]
[White "Singh,DP"]
[Black "Sundararajan,K"]
[Result "0-1"]
[WhiteElo "2326"]
[BlackElo "2442"]

1.d4 Nf6 2.Nf3 g6 3.c4 Bg7 4.Nc3 O-O 5.e4 d6 6.Be2 e5 7.O-O Nc6 8.d5 Ne7
9.b4 Nh5 10.g3 f5 11.c5 Nf6 12.Qb3 Nxe4 13.Nxe4 fxe4 14.cxd6 cxd6 15.Nd2 Bh3
16.Nxe4 Bxf1 17.Bxf1 Nf5 18.a4 Rc8 19.Bg5 Qb6 20.a5 Qd4 21.Re1 Bh6 22.h4 Bxg5
23.hxg5 Kg7 24.b5 Rf7 25.Bg2 Rfc7 26.Kh2 Rc2 27.g4 R8c3 28.Nxc3 Qf4+ 29.Kh1 Qxf2
30.Qxc2 Qxc2 31.gxf5 Qxc3 32.f6+ Kf8 33.Rf1 Qd2 34.a6 bxa6 35.bxa6 Qxg5 36.Bh3 Qh4
37.Kg2 Qe4+ 38.Kg3 Qxd5 39.Bg2 e4 40.Kh2 Qe5+ 41.Kh1 e3 42.Rb1 e2  0-1

[Event "FKB ch-USA Qualifier"]
[Site "Tulsa USA"]
[Date "2008.03.29"]
[Round "3"]
[White "Zenyuk,I"]
[Black "Graham,S"]
[Result "1-0"]
[WhiteElo "2227"]
[BlackElo "2084"]

1.d4 Nf6 2.Nf3 g6 3.c4 Bg7 4.Nc3 O-O 5.e4 d6 6.Be2 e5 7.O-O Nc6 8.d5 Ne7
9.b4 Nh5 10.Re1 Nf4 11.Bf1 Bg4 12.h3 Bd7 13.c5 a6 14.Qb3 g5 15.Nxg5 Neg6
16.Nf3 Kh8 17.Ne2 Bh6 18.g3 Nxe2+ 19.Rxe2 Bxc1 20.Rxc1 Rg8 21.Kh2 Qf6 22.Qe3 Qg7
23.cxd6 Bb5 24.Ree1 Bxf1 25.Rxf1 cxd6 26.Rc7 Nf4 27.Nh4 Qf6 28.gxf4 exf4
29.Qc3  1-0

[Event "FKB ch-USA Qualifier"]
[Site "Tulsa USA"]
[Date "2008.03.30"]
[Round "6"]
[White "Bradford,J"]
[Black "Beelby,M"]
[Result "1-0"]
[WhiteElo "2419"]
[BlackElo "2248"]

1.Nf3 Nf6 2.c4 g6 3.Nc3 Bg7 4.e4 d6 5.d4 O-O 6.Be2 e5 7.O-O Nc6 8.d5 Ne7
9.b4 Nh5 10.Re1 a5 11.bxa5 Nf4 12.Bf1 h6 13.Nd2 g5 14.c5 dxc5 15.Nc4 f5 16.Be3 fxe4
17.Bxc5 Bf5 18.Nxe4 Nfxd5 19.Qb3 Be6 20.Rab1 b6 21.axb6 Nxb6 22.Red1 Qe8
23.Bxb6 cxb6 24.Qxb6 Qg6 25.Rb2 Rac8 26.Ncd6 Nd5 27.Nxc8  1-0

[Event "TCh-RUS Major League"]
[Site "Dagomys RUS"]
[Date "2008.04.05"]
[Round "3"]
[White "Chuprov,D"]
[Black "Pokazanjev,N"]
[Result "0-1"]
[WhiteElo "2575"]
[BlackElo "2413"]

1.c4 Nf6 2.Nc3 g6 3.d4 Bg7 4.e4 d6 5.Be2 O-O 6.Nf3 e5 7.O-O Nc6 8.d5 Ne7
9.Nd2 a5 10.a3 Bd7 11.b3 c6 12.Rb1 Ne8 13.b4 axb4 14.axb4 cxd5 15.cxd5 f5
16.Nc4 fxe4 17.Nxe4 Nf5 18.Bg5 Bf6 19.Nxf6+ Nxf6 20.Bd3 Bb5 21.Nxe5 Ba4 22.Qe2 dxe5
23.Bxf5 gxf5 24.Qxe5 Ra6 25.Rfe1 Qd6 26.Qd4 Bd7 27.b5 Raa8 28.f3 Rae8 29.Red1 Qe5
30.Qd2 Qe2 31.Qb4 Qe7 32.Qd4 Qe5 33.Qd2 Qe2 34.Qb4 Qe7 35.Qd4 Qg7 36.Qd2 Rf7
37.d6 Qg6 38.Rb3 Re5 39.h4 Rd5 40.Qe2 Rxd1+ 41.Qxd1 h6 42.Bf4 Nh5 43.Qd2 Nxf4
44.Qxf4 Rg7 45.Qd2 Kh7 46.Rb4 Qg3 47.Kh1 Rg6  0-1

[Event "TCh-RUS Major League"]
[Site "Dagomys RUS"]
[Date "2008.04.05"]
[Round "3"]
[White "Savchenko,S"]
[Black "Mozharov,M"]
[Result "1/2-1/2"]
[WhiteElo "2560"]
[BlackElo "2449"]

1.d4 Nf6 2.c4 g6 3.Nc3 Bg7 4.e4 d6 5.Nf3 O-O 6.Be2 e5 7.O-O Nc6 8.d5 Ne7
9.b4 Nh5 10.Re1 f5 11.Ng5 Nf6 12.Bf3 c6 13.b5 cxd5 14.cxd5 h6 15.Ne6 Bxe6
16.dxe6 Rc8 17.Qb3 d5 18.Nxd5 Nfxd5 19.exd5 e4 20.d6 Bxa1 21.dxe7 Qxe7 22.Ba3 Qf6
23.e7+ Rf7 24.Qd5 Re8 25.Bd1 Qc3 26.Re3 Qd4 27.Bb3 Qxd5 28.Bxd5 Bf6 29.Bxb7  1/2-1/2

[Event "Gausdal Classics GMB"]
[Site "Gausdal NOR"]
[Date "2008.04.08"]
[Round "1"]
[White "Arvola,B"]
[Black "Stokke,K"]
[Result "1/2-1/2"]
[WhiteElo "2084"]
[BlackElo "2375"]

1.d4 Nf6 2.c4 g6 3.Nc3 Bg7 4.e4 O-O 5.Nf3 d6 6.Be2 e5 7.O-O Nc6 8.d5 Ne7
9.Nd2 a5 10.a3 Bd7 11.b3 Nc8 12.Bb2 Nb6 13.b4 axb4 14.axb4 Qe7 15.Qc2 Bh6
16.Ra5 c6 17.Rfa1 cxd5 18.Rxa8 Rxa8 19.Rxa8+ Nxa8 20.Nxd5 Nxd5 21.cxd5 Qd8
22.Nc4 Qc7 23.Qc3 Nb6 24.Na5 Qxc3 25.Bxc3 Na4 26.Be1 Bc8 27.Nc4 Bf8 28.Bd1  1/2-1/2

[Event "Gausdal Classics GMB"]
[Site "Gausdal NOR"]
[Date "2008.04.09"]
[Round "2"]
[White "Peek,Mar"]
[Black "Arvola,B"]
[Result "1/2-1/2"]
[WhiteElo "2389"]
[BlackElo "2084"]

1.d4 Nf6 2.c4 g6 3.Nc3 Bg7 4.e4 d6 5.Nf3 O-O 6.Be2 e5 7.O-O Nc6 8.d5 Ne7
9.b4 a5 10.Ba3 b6 11.bxa5 Rxa5 12.Bb4 Ra8 13.a4 Re8 14.Kh1 Bb7 15.Nd2 c5
16.Ba3 Rf8 17.Rb1 Ne8 18.Bb2 Bc8 19.Nb5 Bd7 20.f4 f5 21.fxe5 Bxb5 22.axb5 dxe5
23.Nf3 Qd6 24.Ra1 Rxa1 25.Qxa1 fxe4 26.Ng5 Rxf1+ 27.Qxf1 Nf5 28.Nxe4 Qe7
29.g3 Ned6 30.Nxd6 Nxd6 31.Bg4 e4 32.Be6+ Kh8 33.Bc1 Qf6 34.Qxf6 Bxf6 35.Bf4 Nxc4
36.d6 Nb2 37.d7 Nd3 38.Kg2 Nxf4+ 39.gxf4 Kg7  1/2-1/2

[Event "ch-NED w"]
[Site "Hilversum NED"]
[Date "2008.04.10"]
[Round "6"]
[White "Schuurman,P"]
[Black "Haast,A"]
[Result "1-0"]
[WhiteElo "2295"]
[BlackElo "2020"]

1.d4 Nf6 2.c4 g6 3.Nc3 Bg7 4.e4 d6 5.Nf3 O-O 6.Be2 e5 7.O-O Nc6 8.d5 Ne7
9.Ne1 Nd7 10.f3 f5 11.g4 f4 12.h4 Bf6 13.Ng2 a5 14.Bd2 Nc5 15.Be1 Kf7 16.Kh2 Rh8
17.Rh1 Ng8 18.Bf2 b6 19.b3 h5 20.g5 Bxg5 21.hxg5 Qxg5 22.Nb5 Qe7 23.Kg1 g5
24.Ne1 Nf6 25.Nd3 g4 26.Nxc5 bxc5 27.Bh4 Rg8 28.Kf2 gxf3 29.Bxf3 Bg4 30.Qd3 a4
31.Ke2 Rg6 32.Kd2 Qd7 33.Nc3 Rag8 34.Rhg1 Bh3 35.Rxg6 Rxg6 36.Qe2 Bg4 37.Rf1 axb3
38.axb3 Qc8 39.Ra1 Bxf3 40.Qxf3 Rg4 41.Bxf6 Kxf6 42.Ne2 Qb7 43.Kc2  1-0

[Event "TCh-RUS w"]
[Site "Dagomys RUS"]
[Date "2008.04.11"]
[Round "9"]
[White "Ovod,E"]
[Black "Bronnikova,E"]
[Result "1/2-1/2"]
[WhiteElo "2437"]
[BlackElo "2293"]

1.d4 Nf6 2.c4 g6 3.Nc3 d6 4.e4 Bg7 5.Nf3 O-O 6.Be2 e5 7.O-O Nc6 8.d5 Ne7
9.Ne1 Nd7 10.Be3 f5 11.f3 f4 12.Bf2 g5  1/2-1/2

[Event "Gausdal Classics GMB"]
[Site "Gausdal NOR"]
[Date "2008.04.11"]
[Round "4"]
[White "Elsness,F"]
[Black "Arun Prasad,S"]
[Result "0-1"]
[WhiteElo "2429"]
[BlackElo "2465"]

1.d4 Nf6 2.c4 g6 3.Nc3 Bg7 4.e4 d6 5.Nf3 O-O 6.Be2 e5 7.O-O Nc6 8.d5 Ne7
9.b4 Nh5 10.Re1 f5 11.Ng5 Nf6 12.f3 c6 13.Rb1 h6 14.Ne6 Bxe6 15.dxe6 Ne8
16.Qb3 Nc7 17.Rd1 Nxe6 18.c5 d5 19.exd5 Nd4 20.Rxd4 exd4 21.dxc6+ Kh7 22.cxb7 Rb8
23.Nb5 Rxb7 24.Bf4 Nc6 25.a3 Re7 26.Bf1 Be5 27.Bxe5 Rxe5 28.Rd1 Re3 29.Qc4 Qe7
30.Qd5 Qf6 31.Nd6 Ne7 32.Qxd4 Rxa3 33.Nb5 Qxd4+ 34.Rxd4 Re3 35.Nxa7 Kg7 36.b5 Rc3
37.c6 Kf6 38.b6 Ke5 39.Rc4 Rxc4 40.Bxc4 Rb8 41.b7 Kd6 42.f4 Kc7 43.Be6 Rf8
44.Bd7 Rf6 45.Nb5+ Kb8 46.Nd4 Rd6 47.Nb5 Rd2 48.h4 Nd5 49.h5 gxh5 50.Bxf5 Rb2
51.Nd4 Nxf4 52.Nc2 Kc7 53.Be4 Ne2+ 54.Kh2 Nc3 55.Bf5 Kxc6 56.Bc8 Kc7 57.Nd4 Ne4
58.Ne6+ Kd6 59.Kh3 Ng5+ 60.Nxg5 hxg5 61.Kg3 Ke5 62.Kf3 Rb3+ 63.Kf2 h4  0-1

[Event "Gausdal Classics GMB"]
[Site "Gausdal NOR"]
[Date "2008.04.13"]
[Round "6"]
[White "Djurhuus,R"]
[Black "Bromberger,S"]
[Result "1/2-1/2"]
[WhiteElo "2459"]
[BlackElo "2487"]

1.d4 Nf6 2.c4 g6 3.Nc3 Bg7 4.e4 d6 5.Be2 O-O 6.Nf3 e5 7.O-O Nc6 8.d5 Ne7
9.Bg5 h6 10.Bxf6 Bxf6 11.b4 a5 12.a3 Bg7 13.c5 c6 14.Bc4 Bg4 15.Qd3 axb4
16.axb4 Rxa1 17.Rxa1 cxd5 18.Nxd5 Nxd5 19.Bxd5 dxc5 20.bxc5 Qe7 21.Rc1 Rc8
22.h3 Bxf3 23.Qxf3 Bf8 24.h4 Rc7 25.g3 Kg7 26.c6 bxc6 27.Rxc6  1/2-1/2

[Event "Gausdal Classics GMB"]
[Site "Gausdal NOR"]
[Date "2008.04.13"]
[Round "6"]
[White "Elsness,F"]
[Black "Hirneise,T"]
[Result "1-0"]
[WhiteElo "2429"]
[BlackElo "2382"]

1.d4 Nf6 2.c4 g6 3.Nc3 Bg7 4.e4 d6 5.Nf3 O-O 6.Be2 e5 7.O-O Nc6 8.d5 Ne7
9.b4 a5 10.Ba3 b6 11.bxa5 Nh5 12.Re1 f5 13.Bb4 bxa5 14.Ba3 Nf4 15.Bf1 fxe4
16.Nd2 Nd3 17.Bxd3 exd3 18.Nde4 Nf5 19.Qxd3 Bh6 20.Bc1 Bxc1 21.Raxc1 a4 22.Qd2 Nd4
23.Nb5 Nxb5 24.cxb5 Bf5 25.Qb4 Qd7 26.Rc6 Bxe4 27.Rxe4 Qf7 28.Qd2 Rfb8 29.Rb4 Ra7
30.h3 Rab7 31.Rbc4 Rf8 32.f3 e4 33.Rxe4 Rxb5 34.Qc3 Rb7 35.Rec4 Qxd5 36.Rxc7 Rxc7
37.Rxc7 Rf7 38.Rc8+ Rf8 39.Rc7 Rf7 40.Rc4 Rf8 41.a3 h5 42.f4 Qd1+ 43.Kh2 Qb3
44.Qd4 h4 45.Qe4 Qg3+ 46.Kg1 Rf7 47.f5 Rxf5 48.Qxh4 Qxh4 49.Rxh4 Ra5 50.Rd4 d5
51.Kf2 Kf7 52.Ke3 Ke6 53.Kd3 Kd6 54.Rg4 Kc5 55.Rxg6 Rb5 56.h4 Rb3+ 57.Kc2 Rxa3
58.h5 Ra1 59.h6 Rh1 60.g4 Kc4 61.g5 Rh2+ 62.Kb1 a3 63.Ra6 Kb3 64.Rb6+ Kc3
65.Rb7 d4 66.h7 d3 67.g6 a2+ 68.Ka1 d2 69.Rd7 Kb3 70.Rd3+ Kc2 71.Rxd2+ Kxd2
72.g7 Rxh7 73.g8=Q Rh3 74.Qg2+  1-0

[Event "4th Open"]
[Site "Rhone FRA"]
[Date "2008.04.13"]
[Round "2"]
[White "Malakhatko,V"]
[Black "Blot,D"]
[Result "1-0"]
[WhiteElo "2621"]
[BlackElo "2018"]

1.d4 Nf6 2.c4 g6 3.Nc3 Bg7 4.e4 d6 5.Nf3 O-O 6.Be2 e5 7.O-O Nc6 8.d5 Ne7
9.b4 Nh5 10.Re1 f5 11.Ng5 Nf6 12.Bf3 Kh8 13.Bb2 h6 14.Ne6 Bxe6 15.dxe6 c6
16.b5 Qc7 17.bxc6 bxc6 18.Ba3 Rad8 19.Qa4 Qc8 20.Rad1 Qxe6 21.exf5 gxf5 22.Bxc6 e4
23.Nd5 Nexd5 24.Bxd5 Qe5 25.h3 f4 26.Qc2 e3 27.Bf3 Rfe8 28.Qd3 Re6 29.fxe3 fxe3
30.Bc1 Qa5 31.Rxe3 Rxe3 32.Bxe3 Qxa2 33.Bd4 Rc8 34.Bxf6 Bxf6 35.Qg6 Bg5 36.Be4 Rc7
37.Rf1  1-0

[Event "Gausdal Classics GMB"]
[Site "Gausdal NOR"]
[Date "2008.04.16"]
[Round "9"]
[White "Stokke,K"]
[Black "Bentsen,O"]
[Result "0-1"]
[WhiteElo "2375"]
[BlackElo "2115"]

1.d4 Nf6 2.c4 d6 3.Nf3 g6 4.Nc3 Bg7 5.e4 O-O 6.Be2 e5 7.O-O Nc6 8.d5 Ne7
9.Ne1 Nd7 10.Be3 f5 11.f3 f4 12.Bf2 Kh8 13.Rc1 Ng8 14.Nd3 b6 15.b4 Rf7 16.c5 Bf8
17.a4 Ndf6 18.a5 g5 19.axb6 axb6 20.cxb6 cxb6 21.Na4 Rb7 22.Rc6 Bd7 23.b5 Rab8
24.Nb4 g4 25.Qe1 Qe8 26.Na6 Bxc6 27.dxc6 Rg7 28.Nxb8 Qxb8 29.Bxb6 d5 30.c7 Qb7
31.Qc3 Qc8 32.Rc1 gxf3 33.Bxf3 dxe4 34.Bxe4 Nxe4 35.Qxe5 Ngf6 36.Qxf4 Bd6
37.Qf3 Bxc7 38.Be3 Qb8 39.Bd4 Bxh2+ 40.Kh1 Be5 41.Be3 Ng3+ 42.Kg1 Qxb5 43.Rc8+ Ng8
44.Nb6 Ne2+ 45.Kf2 Bg3+ 46.Kf1 Nd4+ 47.Nc4 Qb1+ 48.Bc1 Qxc1+ 49.Qd1 Qxd1+  0-1

[Event "10th North American FIDE Inv"]
[Site "Chicago USA"]
[Date "2008.04.19"]
[Round "1"]
[White "Shankar,G"]
[Black "Yuan Yuanling"]
[Result "1/2-1/2"]
[WhiteElo "2219"]
[BlackElo "2119"]

1.d4 Nf6 2.c4 g6 3.Nc3 Bg7 4.e4 d6 5.Nf3 O-O 6.Be2 e5 7.O-O Nc6 8.d5 Ne7
9.b4 Nh5 10.Re1 f5 11.Ng5 Nf6 12.Bf3 Kh8 13.Bb2 h6 14.Ne6 Bxe6 15.dxe6 Qc8
16.Nd5 Neg8 17.b5 Re8 18.exf5 gxf5 19.Bh5 Nxh5 20.Qxh5 Rxe6 21.Qxf5 Re8 22.Qf7 c6
23.bxc6 bxc6 24.Ne3 Rf8 25.Qh5 Qe6 26.Rad1 Ne7 27.Re2 Rad8 28.Ba3 Rf4 29.g3 Rff8
30.Red2 Nc8 31.Qh4 e4 32.Bb2 Bxb2 33.Rxb2 Nb6 34.Rd4 d5 35.cxd5 cxd5 36.a4 Rd7
37.a5 Nc8 38.Rbd2 Ne7 39.Qg4 Qxg4 40.Nxg4 h5 41.Ne5 Rc7 42.g4 hxg4 43.Nxg4 Rc5
44.Ne3 Rxa5 45.Nxd5 Rg8+ 46.Kf1 Nxd5 47.Rxd5 Ra1+ 48.Rd1 Rxd1+ 49.Rxd1 Rg7
50.Ke2 Rg2 51.Ra1 Rxh2 52.Rxa7 Kg8 53.Re7 Rh4 54.Ke3 Kf8 55.Rxe4 Rh5 56.Kf4 Ra5
57.Re5 Ra2 58.f3 Kf7 59.Kf5 Ra3 60.f4 Ra6 61.Rb5 Ra7 62.Kg5 Rc7 63.Ra5 Rb7
64.Ra1 Rb5+ 65.f5 Rb6 66.Ra7+ Kf8 67.Ra1 Kf7 68.Rh1 Kg7 69.Re1 Kf7 70.Rc1 Ra6
71.Re1 Rb6 72.Ra1 Rc6 73.Ra7+ Kf8 74.Ra5 Kg7 75.Re5 Kf7 76.Rb5 Kg7 77.Rb7+ Kf8
78.Kf4 Ra6 79.Rb5 Kf7 80.Ke5 Ke7 81.f6+ Kf7 82.Rb7+ Kf8 83.Rd7 Ra5+ 84.Ke6 Ra6+
85.Kf5 Ra1  1/2-1/2

[Event "Copenhagen Chess Challenge"]
[Site "Ballerup DEN"]
[Date "2008.04.20"]
[Round "8"]
[White "Olsson,Li"]
[Black "Nilsson,S"]
[Result "1/2-1/2"]
[WhiteElo "2372"]
[BlackElo "2215"]

1.d4 g6 2.c4 Bg7 3.Nf3 Nf6 4.Nc3 d6 5.e4 O-O 6.Be2 e5 7.O-O Nc6 8.d5 Ne7
9.Ne1 Nd7 10.Be3 f5 11.f3 f4 12.Bf2 g5 13.a4 Ng6 14.a5 Rf7 15.Kh1 Bf8 16.Nd3 Rg7
17.b4 Nf6 18.c5 h5 19.cxd6 Bxd6 20.Nc5 g4 21.Ne6 Bxe6 22.dxe6 Bxb4 23.Qb3 Qe7
24.Rfd1 g3 25.Be1 Nf8 26.h3 c6 27.Nd5 Nxd5 28.exd5 Bd6 29.dxc6 bxc6 30.Bc4 Kh8
31.Bc3 Re8 32.Qb2 Nxe6 33.Rxd6 Qxd6 34.Bxe5 Qd7 35.Re1 Nc7 36.Qc3 Rd8  1/2-1/2

[Event "10th North American FIDE Inv"]
[Site "Chicago USA"]
[Date "2008.04.20"]
[Round "3"]
[White "Chow,A"]
[Black "Yuan Yuanling"]
[Result "1-0"]
[WhiteElo "2198"]
[BlackElo "2119"]

1.d4 Nf6 2.c4 g6 3.Nc3 Bg7 4.e4 d6 5.Be2 O-O 6.Nf3 e5 7.O-O Nc6 8.d5 Ne7
9.Ne1 Nd7 10.Nd3 f5 11.Bd2 Nf6 12.f3 f4 13.c5 g5 14.cxd6 cxd6 15.Nf2 h5 16.h3 Ng6
17.Qb3 Rf7 18.Rac1 Bf8 19.Nb5 Rh7 20.Rc2 Ne8 21.a4 Qf6 22.Rfc1 Ne7 23.Nc7 Nxc7
24.Rxc7 Rg7 25.a5 Kh8 26.Qa4 a6 27.Qe8 Rh7 28.Rxc8 Nxc8 29.Rxc8 Rxc8 30.Qxc8 Re7
31.Bc3 Qg7 32.Bd1 Rc7 33.Qe8 Qf7 34.Ba4 Qxe8 35.Bxe8 h4 36.Kf1 Re7 37.Ba4 Kg7
38.Ke2 Kf7 39.Kd3 Rc7 40.Nd1 Ke7 41.b3 Kd8 42.Nb2 Rc8 43.Nc4 Kc7 44.Bb4 Rd8
45.Be1 Be7 46.Bf2 Rg8 47.Bb6+ Kb8 48.Bd7 Rg7 49.Be6 Rg6 50.Kc3 Rh6 51.b4 Rh7
52.Kb3 Rh8 53.Ka4 Rh7 54.Bf2 Kc7 55.Ba7 Rh8 56.b5 Ra8 57.Bb6+ Kb8 58.Kb4 axb5
59.Na3  1-0

[Event "IX EICC"]
[Site "Plovdiv BUL"]
[Date "2008.04.22"]
[Round "2"]
[White "Huzman,A"]
[Black "Llaneza Vega,M"]
[Result "1/2-1/2"]
[WhiteElo "2602"]
[BlackElo "2425"]

1.Nf3 Nf6 2.c4 g6 3.Nc3 Bg7 4.e4 d6 5.d4 O-O 6.Be2 e5 7.O-O Nc6 8.d5 Ne7
9.b4 c6 10.Nd2 a5 11.bxa5 Qxa5 12.Bb2 Bd7 13.a4 cxd5 14.cxd5 Qb4 15.Qb3 Qxb3
16.Nxb3 Rfc8 17.Nd2 Rc5 18.Rfb1 Rac8 19.Ra3 Bh6 20.Nf1 Rxc3 21.Rxc3 Rxc3
22.Bxc3 Nxe4 23.Be1 Bxa4 24.Rxb7 Nxd5 25.Bc4 Bc6 26.Ra7 Nc5 27.f3 Bf8 28.Ng3 Ne6
29.Ne4 Ndf4 30.Nf6+ Kg7 31.Nxh7 Kxh7 32.Rxf7+ Bg7 33.Bd2 d5 34.Ba2 Ne2+ 35.Kf2 N2d4
36.Bc3 Kg8 37.Ra7  1/2-1/2

[Event "IX EICC"]
[Site "Plovdiv BUL"]
[Date "2008.04.24"]
[Round "4"]
[White "Gustafsson,J"]
[Black "Nedev,T"]
[Result "1-0"]
[WhiteElo "2603"]
[BlackElo "2518"]

1.Nf3 Nf6 2.c4 g6 3.Nc3 Bg7 4.e4 d6 5.d4 O-O 6.Be2 e5 7.O-O Nc6 8.d5 Ne7
9.b4 Nh5 10.Re1 f5 11.Ng5 Nf6 12.f3 Nh5 13.c5 Kh8 14.Rb1 Nf4 15.Bc4 fxe4
16.Ngxe4 Nf5 17.Rb2 Nd4 18.Kh1 g5 19.Be3 Bf5 20.g3 Nh3 21.Bf1 h6 22.cxd6 cxd6
23.Nb5 Nxb5 24.Bxb5 g4 25.Bd3 Qd7 26.fxg4 Bxg4 27.Be2 Bf5 28.Bf3 Rf7 29.Bg2 Raf8
30.Qh5 Kg8 31.Rd2 Bg4 32.Qg6 Bf5 33.Qh5 Bg4 34.Qg6 Bf5 35.Qxd6 Qc8 36.Qc5 Rc7
37.Qb5 Rc1 38.Re2 Rxe1+ 39.Rxe1 Qc2 40.Bc5 Bxe4 41.Bxe4 Nf2+ 42.Bxf2 Qxf2
43.Qe2 Qd4 44.Kg2 Qxb4 45.Rb1 Qe7 46.d6 Qxd6 47.Rxb7 a5 48.a4 Qf6 49.Rb5 Qd8
50.h4 Kh8 51.Rb7 Qf6 52.Rb3 Qd8 53.Rb5 Qc7 54.Qg4 Qc4 55.Kh3 Qf1+ 56.Bg2 Qf5
57.Qxf5 Rxf5 58.Rxa5 Rf7 59.Bd5 Rf6 60.Be4 Rf7 61.Bd5 Rf8 62.Ra7 Rd8 63.Bf3 Bf8
64.a5 Rd3 65.Rf7 Bd6 66.Be4 Re3 67.Rh7+ Kg8 68.Rxh6 Bf8 69.Bd5+ Kg7 70.Re6 Bb4
71.a6 Ra3 72.Kg4 Bc5 73.h5 Bf2 74.h6+ Kh8 75.Rxe5 Kh7 76.Kh5  1-0

[Event "IX EICC"]
[Site "Plovdiv BUL"]
[Date "2008.04.24"]
[Round "4"]
[White "Pankov,Ger"]
[Black "Mamedov,Nid"]
[Result "0-1"]
[WhiteElo "2349"]
[BlackElo "2577"]

1.d4 Nf6 2.c4 g6 3.Nc3 Bg7 4.e4 d6 5.Nf3 O-O 6.Be2 e5 7.O-O Nc6 8.d5 Ne7
9.a4 a5 10.Ne1 Nd7 11.Nd3 f5 12.f3 Kh8 13.Be3 b6 14.Qb1 Ng8 15.b4 Bh6 16.Bf2 Ngf6
17.bxa5 Rxa5 18.Qc2 Nc5 19.Bxc5 bxc5 20.Ra3 Nd7 21.Rb1 Ra8 22.Rab3 fxe4 23.fxe4 Nb6
24.Ra3 Rf2 25.Kxf2 Qh4+ 26.Kg1 Be3+ 27.Kh1 Bf4 28.g3 Bxg3 29.Bf1 Bg4 30.Nd1 Bf4
31.Qg2 Rxa4 32.Rxa4 Bf3  0-1

[Event "IX EICC"]
[Site "Plovdiv BUL"]
[Date "2008.04.25"]
[Round "5"]
[White "Petkov,V"]
[Black "Kanakaris,G"]
[Result "1-0"]
[WhiteElo "2415"]
[BlackElo "2300"]

1.d4 Nf6 2.c4 g6 3.Nc3 Bg7 4.e4 d6 5.Nf3 O-O 6.Be2 e5 7.O-O Nc6 8.d5 Ne7
9.b4 Nh5 10.Re1 f5 11.Ng5 Nf6 12.Bf3 h6 13.Ne6 Bxe6 14.dxe6 c6 15.Bb2 fxe4
16.Nxe4 Nxe4 17.Rxe4 Nf5 18.b5 Rc8 19.bxc6 bxc6 20.Re2 Qc7 21.Qd3 Rfe8 22.Be4 Rxe6
23.Bxf5 gxf5 24.Qxf5 Qe7 25.Rd1 Rd8 26.Red2 Rf8 27.Qe4 c5 28.g3 h5 29.Bc1 Rb8
30.Rd3 Bh6 31.Bxh6 Rxh6 32.Rb3 Rf8 33.Rdd3 Rf7 34.Rb8+ Kg7 35.Qa8 Qf6 36.Rd2 h4
37.Rg8+ Kh7 38.Rg4 Rf8 39.Qxa7+ Kh8 40.Qb7 Rh7 41.Qd5 Rh6 42.Qe4 h3 43.a4 Rh5
44.Rg6 Qf5 45.Qxf5 Rhxf5 46.Rgxd6 e4 47.Rd8 Rxf2 48.Rxf8+ Rxf8 49.Re2 Re8
50.Kf2 Kg7 51.Ke3 Kg6 52.a5 Ra8 53.Ra2 Kf5 54.a6 Ra7 55.Ra5 Ke6 56.Kxe4 Kd6
57.Kf4  1-0

[Event "IX EICC"]
[Site "Plovdiv BUL"]
[Date "2008.04.27"]
[Round "7"]
[White "Butnorius,A"]
[Black "Jenni,F"]
[Result "1/2-1/2"]
[WhiteElo "2442"]
[BlackElo "2550"]

1.c4 Nf6 2.Nc3 g6 3.e4 d6 4.d4 Bg7 5.Nf3 O-O 6.Be2 e5 7.O-O Nc6 8.d5 Ne7
9.Bd2 Nh5 10.Re1 f5 11.exf5 Nxf5 12.Ng5 Nf4 13.Bxf4 exf4 14.Ne6 Bxe6 15.dxe6 c6
16.Bg4 Ne7 17.Ne4 Be5 18.Ng5 Qb6 19.Nf7 Bd4 20.Qd2 Qxb2 21.Qxb2 Bxb2 22.Rab1 Bf6
23.Rxb7 Rfb8 24.Reb1 Rxb7 25.Rxb7 d5 26.cxd5 cxd5 27.g3 h5 28.Bf3 fxg3 29.hxg3 Rc8
30.Nd6 Rd8 31.Rd7 Rb8 32.Nb7 Kf8 33.a4 Bd4 34.Kf1 Rc8 35.Bxd5 Rc2 36.f4 Rb2
37.Be4 Bf2 38.Rd3 Kg7 39.Nd6 Kf6 40.Bg2 Bb6 41.Bh3 Nf5 42.Nxf5 gxf5 43.a5 Bxa5
44.Rd5 Bb4 45.Rxf5+ Kxe6 46.Ra5+ Kd6 47.Rxa7 Rf2+ 48.Kxf2 Bc5+ 49.Kf3 Bxa7
50.Bf5 Ke7 51.Bg6 h4 52.g4 h3 53.Kg3 Bb8 54.g5 Bc7 55.Kg4 h2 56.Be4 Kf7 57.f5 Bd8
58.Kh5 Kg7 59.Bd5 Be7 60.Bg2 Bd8 61.Kg4 Be7 62.Kf4 Bd8  1/2-1/2

[Event "ch-UZB"]
[Site "Tashkent UZB"]
[Date "2008.04.27"]
[Round "4"]
[White "Kasyan,A"]
[Black "Safin,S"]
[Result "0-1"]
[WhiteElo "2314"]
[BlackElo "2481"]

1.d4 Nf6 2.c4 g6 3.Nc3 Bg7 4.e4 d6 5.Be2 O-O 6.Nf3 e5 7.O-O Nc6 8.d5 Ne7
9.Nd2 c5 10.dxc6 bxc6 11.b4 d5 12.Ba3 d4 13.Na4 Bh6 14.Nc5 Nh5 15.g3 Ng7
16.Nd3 Qc7 17.Nb3 Ne6 18.Bc1 Bxc1 19.Rxc1 f5 20.Nbc5 Nxc5 21.Nxc5 a5 22.a3 axb4
23.axb4 Ra3 24.Ra1 Rxa1 25.Qxa1 f4 26.Qa5 Qd6 27.Nd3 f3 28.Bd1 Bh3 29.Re1 c5
30.Qxc5 Qxc5 31.Nxc5 Nc6 32.b5 Nb4 33.b6 Kf7 34.Bxf3 Ke7 35.b7 Kd6 36.Ra1 Nc6
37.Ra8 Rxf3 38.Rc8 Ra3 39.f4 Ra1+ 40.Kf2 Rb1 41.Nd3 Rxb7 42.Rh8 Rb3 43.fxe5+ Nxe5
44.c5+ Ke6 45.Nf4+ Kf6 46.Nxh3 Rb2+ 47.Ke1 Rxh2 48.Nf4 d3 49.Rd8 d2+ 50.Kf1 g5  0-1

[Event "IX EICC"]
[Site "Plovdiv BUL"]
[Date "2008.05.01"]
[Round "10"]
[White "Saric,A"]
[Black "Pesotsky,V"]
[Result "1-0"]
[WhiteElo "2505"]
[BlackElo "2371"]

1.d4 Nf6 2.c4 g6 3.Nc3 Bg7 4.e4 d6 5.Be2 O-O 6.Nf3 e5 7.O-O Nc6 8.dxe5 Nxe5
9.Bf4 Nxf3+ 10.Bxf3 Be6 11.b3 Nh5 12.Bd2 Be5 13.g3 Bh3 14.Bg2 Qd7 15.Rc1 Rfe8
16.Qf3 c6 17.Qd3 a6 18.Rfd1 b5 19.Be3 Bxg2 20.Kxg2 Qe6 21.Ne2 c5 22.Ng1 Nf6
23.h3 Nd7 24.Nf3 bxc4 25.Rxc4 a5 26.Ng5 Qe7 27.f4 a4 28.Rxa4 Rxa4 29.bxa4 Rb8
30.fxe5 Rb2+ 31.Kh1 Nxe5 32.Qxd6 Qxd6 33.Rxd6 h6 34.Bf4 Rb1+ 35.Kg2 Rb2+
36.Kf1 Rb1+ 37.Ke2 Rb2+ 38.Rd2 Rxd2+ 39.Kxd2 Nc4+ 40.Kc3 hxg5 41.Kxc4 gxf4
42.gxf4  1-0

[Event "IX EICC"]
[Site "Plovdiv BUL"]
[Date "2008.05.01"]
[Round "10"]
[White "Pileckis,E"]
[Black "Markos,J"]
[Result "0-1"]
[WhiteElo "2403"]
[BlackElo "2565"]

1.Nf3 Nf6 2.c4 g6 3.Nc3 Bg7 4.e4 O-O 5.d4 d6 6.Be2 e5 7.O-O Nc6 8.d5 Ne7
9.b4 a5 10.Ba3 b6 11.bxa5 Nh5 12.Nb5 Rxa5 13.Bb4 Ra6 14.Re1 f5 15.exf5 Nxf5
16.Nd2 Nf4 17.Bf1 Nh4 18.Ne4 h5 19.Re3 Bg4 20.Qb3 Nf5 21.Ree1 Nd4 22.Nxd4 exd4
23.g3 Nh3+ 24.Bxh3 Bxh3 25.f4 Bf5 26.Ng5 Qf6 27.Rad1 Rfa8 28.a3 R6a7 29.Rd2 d3
30.Kg2 h4 31.Ne4 h3+ 32.Kf3 Qf7 33.g4 Rf8 34.Qxd3 Bd7 35.Qe3 Be5 36.f5 gxf5
37.gxf5 Qxf5+ 38.Ke2 Qg4+ 39.Kd3 Rf3  0-1

[Event "Stuttgarter Stadtmeisterschaft A"]
[Site "Ditzingen GER"]
[Date "2008.05.02"]
[Round "4"]
[White "Sumets,A"]
[Black "Hirneise,T"]
[Result "1-0"]
[WhiteElo "2532"]
[BlackElo "2382"]

1.d4 Nf6 2.c4 g6 3.Nc3 Bg7 4.e4 d6 5.Nf3 O-O 6.Be2 e5 7.O-O Nc6 8.d5 Ne7
9.Ne1 Nd7 10.Be3 f5 11.f3 f4 12.Bf2 g5 13.Rc1 a6 14.Nd3 Rf6 15.g4 h5 16.h3 Rh6
17.c5 Kf7 18.Kg2 Qh8 19.Rh1 Nf6 20.cxd6 cxd6 21.Na4 hxg4 22.hxg4 Bxg4 23.fxg4 Nxe4
24.Nb6 Re8 25.Rc7 Qh7 26.Rxb7 Nf6 27.Nxe5+ dxe5 28.d6 Rxh1 29.Qxh1 Qc2 30.Bc4+ Kg6
31.Rxe7 f3+ 32.Kf1 Qd1+ 33.Be1 Rf8 34.Nd7 Nxg4 35.Nxf8+ Kf5 36.Qh7+ Kf4 37.Ne6+ Ke3
38.Qd3+ Qxd3+ 39.Bxd3  1-0

[Event "ch-NED U21"]
[Site "Venlo NED"]
[Date "2008.05.02"]
[Round "8"]
[White "Haast,M"]
[Black "Van Nies,P"]
[Result "1/2-1/2"]
[WhiteElo "2125"]
[BlackElo "2184"]

1.c4 Nf6 2.d4 g6 3.Nc3 Bg7 4.e4 d6 5.Nf3 O-O 6.Be2 e5 7.O-O Nc6 8.d5 Ne7
9.b4 Nh5 10.Re1 f5 11.Ng5 Nf6  1/2-1/2

[Event "Stuttgarter Stadtmeisterschaft A"]
[Site "Ditzingen GER"]
[Date "2008.05.03"]
[Round "6"]
[White "Nabavi,P"]
[Black "Tuncer,U"]
[Result "0-1"]
[WhiteElo "2185"]
[BlackElo "2306"]

1.d4 Nf6 2.c4 g6 3.Nc3 Bg7 4.e4 d6 5.Nf3 O-O 6.Be2 e5 7.O-O Nc6 8.d5 Ne7
9.Ne1 Nd7 10.Nd3 f5 11.Bd2 Kh8 12.Rc1 Ng8 13.b4 Rf7 14.f3 f4 15.c5 Ndf6 16.g4 Ne8
17.Rf2 Bf6 18.Rg2 h5 19.h3 Rh7 20.Be1 Nh6 21.Bf1 Nf7 22.Rcc2 Bh4 23.Bxh4 Qxh4
24.Rh2 Ng5 25.Ne1 Qxe1 26.Qxe1 Nxf3+ 27.Kf2 Nxe1 28.Kxe1 hxg4 29.hxg4 Bxg4
30.Rhg2 Bh5 31.Kf2 Kg7 32.Bd3 Kf6 33.Rh2 g5 34.Be2 Kg6 35.Bxh5+ Rxh5 36.Rxh5 Kxh5
37.Rc1 Kg6 38.Rh1 Nf6 39.Ke2 a5 40.Rb1 a4 41.Rh1 dxc5 42.bxc5 Ra5 43.Kd3 Rxc5
44.Nxa4 Ra5 45.Nc3 g4 46.Rb1 Nd7 47.Rh1 Nc5+ 48.Ke2 Ra3 49.Rc1 f3+ 50.Kd2 Kg5  0-1

[Event "Open"]
[Site "Halkidiki GRE"]
[Date "2008.05.03"]
[Round "6"]
[White "Shavtvaladze,N"]
[Black "Pavlidis,Ant"]
[Result "1/2-1/2"]
[WhiteElo "2437"]
[BlackElo "2218"]

1.c4 Nf6 2.Nc3 g6 3.e4 d6 4.d4 Bg7 5.Nf3 O-O 6.Be2 e5 7.O-O Nc6 8.d5 Ne7
9.b4 Nh5 10.Re1 f5 11.Ng5 Nf6 12.Bf3 c6 13.Bb2 h6 14.Ne6 Bxe6 15.dxe6 Nxe4
16.Nxe4 fxe4 17.Rxe4 Rf6 18.c5 Rxe6 19.cxd6 Qxd6 20.Qxd6 Rxd6 21.Bxe5 Re6
22.Bxg7  1/2-1/2

[Event "43rd Capablanca Memorial Open"]
[Site "Havana CUB"]
[Date "2008.05.08"]
[Round "1"]
[White "Gongora Reyes,M"]
[Black "Diaz Ordonez,C"]
[Result "1-0"]
[WhiteElo "2422"]
[BlackElo "2245"]

1.d4 Nf6 2.c4 g6 3.Nc3 Bg7 4.e4 d6 5.Nf3 O-O 6.Be2 e5 7.O-O Nc6 8.d5 Ne7
9.Ne1 Ne8 10.Be3 f5 11.f3 f4 12.Bf2 h5 13.c5 g5 14.a4 Rf6 15.cxd6 Nxd6 16.Nd3 Rg6
17.Nc5 g4 18.Bh4 Qf8 19.Ne6 Bxe6 20.dxe6 Bf6 21.Bxf6 Qxf6 22.fxg4 Qg5 23.h3 Nc6
24.Rf2 hxg4 25.Bxg4 Nd4 26.Qd3 Kh8 27.Nd5 c5 28.Re1 Rag8 29.b4 c4 30.Qc3 f3
31.gxf3 Qh4 32.Rg2 Rxg4 33.fxg4 Qxe1+ 34.Qxe1 Nf3+ 35.Kf2 Nxe1 36.Kxe1 Nxe4
37.Re2 Ng5 38.e7 Re8 39.Kd1 Nf7 40.Re4 c3 41.Rc4  1-0